| 000 | 00551nam a22001817a 4500 | ||
|---|---|---|---|
| 005 | 20170517122734.0 | ||
| 010 | _aENG-118204 | ||
| 020 |
_a9788189766791 _c1295.00 |
||
| 035 | _aEN-101736 | ||
| 037 | _bDBAD/PUB | ||
| 082 | _a333.7 | ||
| 100 | _aH D Kumar | ||
| 245 |
_aEnergy and natural resources _bSustainbility and management / _cby H D Kumar |
||
| 260 |
_aNew Delhi _bVitasta Publishing _c2016 |
||
| 270 | _a2/15, Ansari Road, Daryaganj, New Delhi-110002 | ||
| 300 |
_axix, 619p _c24cm.(Hb) |
||
| 942 |
_2ddc _cEN _h333.7 _mHDK |
||
| 999 |
_c140014 _d140014 |
||